| 000 | 00455nmm a2200157Ia 4500 | ||
|---|---|---|---|
| 008 | 251105s9999||||xx |||||||||||||||||und|| | ||
| 020 | _a9781558852235 | ||
| 041 | _aeng | ||
| 100 | _aFernandez, Roberto | ||
| 245 | 0 | _aRaining backwards | |
| 264 |
_a[Washington, Estados Unidos] : _bArte Público Press, _c2017 |
||
| 300 | _a224 páginas | ||
| 650 | _aLatin American narrative | ||
| 856 | _uhttps://public.digitaliapublishing.com/a/47268 | ||
| 942 | _cCF | ||
| 999 |
_c74676 _d74676 |
||